| 000 | 00440nam a2200169Ia 4500 | ||
|---|---|---|---|
| 005 | 20250423094439.0 | ||
| 008 | 250422s9999 xx 000 0 und d | ||
| 020 | _a9788171412105 | ||
| 050 | _aQL 615 .G86/ | ||
| 100 | _aGünther, Albert C. L. G. | ||
| 245 | 3 | _aAn introduction to the study of fishes. | |
| 260 | _aNew Delhi | ||
| 260 | _bDiscovery publishing house P.V.T. L.T.D. | ||
| 260 | _c2015 | ||
| 300 | _a720 p | ||
| 942 | _cBK | ||
| 999 |
_c27266 _d27266 |
||